|
|
|
|
| LEADER |
01866nam a22003975i 4500 |
| 001 |
978-3-8349-3495-6 |
| 003 |
DE-He213 |
| 005 |
20151204154413.0 |
| 007 |
cr nn 008mamaa |
| 008 |
120220s2012 gw | s |||| 0|eng d |
| 020 |
|
|
|a 9783834934956
|9 978-3-8349-3495-6
|
| 024 |
7 |
|
|a 10.1007/978-3-8349-3495-6
|2 doi
|
| 040 |
|
|
|d GrThAP
|
| 050 |
|
4 |
|a HB615
|
| 072 |
|
7 |
|a KJH
|2 bicssc
|
| 072 |
|
7 |
|a BUS025000
|2 bisacsh
|
| 082 |
0 |
4 |
|a 658.421
|2 23
|
| 100 |
1 |
|
|a Wulf, Katharina.
|e author.
|
| 245 |
1 |
0 |
|a Ethics and Compliance Programs in Multinational Organizations
|h [electronic resource] /
|c by Katharina Wulf.
|
| 264 |
|
1 |
|a Wiesbaden :
|b Gabler Verlag,
|c 2012.
|
| 300 |
|
|
|a XXII, 389 p. 13 illus.
|b online resource.
|
| 336 |
|
|
|a text
|b txt
|2 rdacontent
|
| 337 |
|
|
|a computer
|b c
|2 rdamedia
|
| 338 |
|
|
|a online resource
|b cr
|2 rdacarrier
|
| 347 |
|
|
|a text file
|b PDF
|2 rda
|
| 520 |
|
|
|a Multinational organizations increasingly face international and national laws, regulations, and internal policies they must comply with. Katharina Wulf explores the development of corporate codes of conduct and the emergence of ethics and compliance programs in multinational organizations and analyzes various expert interviews with chief ethics and compliance officers. Based on the results, the author suggests a model of an ethics and compliance manual, providing detailed instructions on how organizations can construct effective ethics and compliance programs. .
|
| 650 |
|
0 |
|a Business.
|
| 650 |
|
0 |
|a Entrepreneurship.
|
| 650 |
1 |
4 |
|a Business and Management.
|
| 650 |
2 |
4 |
|a Entrepreneurship.
|
| 710 |
2 |
|
|a SpringerLink (Online service)
|
| 773 |
0 |
|
|t Springer eBooks
|
| 776 |
0 |
8 |
|i Printed edition:
|z 9783834934949
|
| 856 |
4 |
0 |
|u http://dx.doi.org/10.1007/978-3-8349-3495-6
|z Full Text via HEAL-Link
|
| 912 |
|
|
|a ZDB-2-SBE
|
| 950 |
|
|
|a Business and Economics (Springer-11643)
|